| 000 | 01282nam a2200301 4500 | ||
|---|---|---|---|
| 003 | EG-GICUC | ||
| 005 | 20260511180649.0 | ||
| 008 | 260511s1950 ua ad||f |||| 00| 0 ara d | ||
| 040 |
_a EG-GICUC _bara _c EG-GICUC _d EG-GICUC _erda |
||
| 041 | _aara | ||
| 082 | 0 | 4 |
_221 _a345 _bم ح . م |
| 092 | 0 | 4 | _221 |
| 099 | _aLaw1 07 345 م ح . م 1950 | ||
| 110 |
_aمحكمة النقض _bالمكتب الفني لتبويب الاحكام |
||
| 245 | 1 | 0 |
_aمجموعة الأحكام الصادرة من الجمعية العمومية والدائرة المدنية. _nالسنة الثانية / _cمحكمة النقض المكتب الفني لتبويب الاحكام |
| 264 |
_a[مكان الناشر غير محدد] : _b[اسم الناشر غير محدد], _c1950. |
||
| 300 |
_a؛ متعدد الترقيم _bإيضاحيات،جداول ؛ _c24 سم |
||
| 336 |
_2rda content _atext |
||
| 337 |
_2rda media _aComputer |
||
| 338 |
_2rda carrier _aOnline Resource |
||
| 505 | _aيشتمل علي مجموعة من الاعداد | ||
| 546 | _aالنص باللغة العربية | ||
| 650 | 1 |
_aالقانون الإداري _2qrmak |
|
| 651 | 1 | _2qrmak | |
| 856 | 4 | 0 | _uhttps://fll.law.cu.edu.eg/fulltext/bks/B07-02682.pdf |
| 905 | _a47 | ||
| 942 |
_2ddc _n0 _cBK _e21 |
||
| 999 |
_c76616 _d76616 |
||